Zapisane w:
| Format: | Nieznany |
|---|---|
| Wydane: |
Santa Marta, Colombia :
Universidad de Magdalena,
|
| Hasła przedmiotowe: | |
| Etykiety: |
Dodaj etykietę
Nie ma etykietki, Dołącz pierwszą etykiete!
|
MARC
| LEADER | 000000000a22000000004500 | ||
|---|---|---|---|
| 001 | 000332 | ||
| 022 | |a 1657-4923 | ||
| 041 | 0 | |a español | |
| 092 | 0 | |a 301 R | |
| 260 | |a Santa Marta, Colombia : |b Universidad de Magdalena, | ||
| 650 | 4 | |a COLOMBIA | |
| 650 | 4 | |a ANTROPOLOGIA | |
| 650 | 4 | |a CULTURA COLOMBIANA | |
| 650 | 4 | |a PUBLICACIONES PERIODICAS COLOMBIANAS | |
| 773 | 0 | |t Revista del programa de antropología | |
| 773 | 0 | |g 2002 | |
| 999 | |c 863 |d 863 | ||
